Biblioteca

Mission into the third millenium (Registro nro. 70257)

Detalles MARC
000 -LÍDER
Campo fijo de descripción fija 01446nab a2200241 i 4500
001 - NÚMERO DE CONTROL
Campo de control 768714001
003 - IDENTIFICADOR DEL NÚMERO DE CONTROL
Campo de control CO-MdFUSB
005 - FECHA Y HORA DE LA ULTIMA TRANSACCIÓN
control field 20240618141642.0
008 - ELEMENTOS DE LONGITUD FIJA -- INFORMACIÓN GENERAL
Campo fijo de descripción fija -- Información general 240618t1990 us ||||| |||| 00| 0 eng d
040 ## - FUENTE DE CATALOGACIÓN
Idioma de catalogación spa
Agencia que realiza la transcripción CO-MdFUSB
Agencia que realiza la modificación CO-MdFUSB
041 ## - CÓDIGO DE IDIOMA
Código de idioma para texto/pista de sonido o título separado eng
100 ## - ASIENTO PRINCIPAL--NOMBRE PERSONAL
Nombre personal Schreiter, Robert J.,
Término relacionador autor
245 ## - TÍTULO
Título Mission into the third millenium
Mención de responsabilidad / Robert J. Schreiter
520 ## - NOTA DE RESUMEN, ETC.
Nota de sumario, etc. Nadie puede predecir del todo qué dirección tomará el futuro de la misión. Pero hay una serie de cambios fundamentales que ya han comenzado –tanto en el contexto como en la conducción de la misión– que sugieren algunos cambios significativos que podemos anticipar en las próximas décadas. Este artículo investiga tres áreas donde se están produciendo estos cambios fundamentales: (1) quiénes serán los misioneros y de dónde vendrán; (2) los entornos económicos y sociopolíticos en los que se llevará a cabo la misión; (3) factores que surgen de los cambios antes mencionados y que alterarán la autocomprensión de los misioneros.
546 ## - NOTA DE IDIOMA
Nota de idioma Texto en inglés.
650 #0 - ASIENTO SECUNDARIO DE MATERIA - TERMINO TEMÁTICO
Término temático o nombre geográfico como elemento de entrada Misiones
9 (RLIN) 154
650 #7 - ASIENTO SECUNDARIO DE MATERIA - TERMINO TEMÁTICO
Término temático o nombre geográfico como elemento de entrada Misioneros
9 (RLIN) 931
650 #7 - ASIENTO SECUNDARIO DE MATERIA - TERMINO TEMÁTICO
Término temático o nombre geográfico como elemento de entrada Antropología cultural y social
9 (RLIN) 6714
650 #7 - ASIENTO SECUNDARIO DE MATERIA - TERMINO TEMÁTICO
Término temático o nombre geográfico como elemento de entrada Psicoanálisis y religión
9 (RLIN) 7187
773 0# - ASIENTO DE ITEM FUENTE
Biblionumber 49486
Itemnumber 82779
Lugar, editorial y fecha de publicación Pasadena
Otro identificador del ítem R2654
Título Missiology:
Número de control del registro (CO-MdFUSB)97
Parte(s) relacionada(s) / Volumen., número. (mes año), páginas Volumen 18, (número 1, 1990) páginas: 3 - 12
Enumeración y primera página página: 3
942 ## - TIPO DE MATERIAL (KOHA)
Tipo de Item KOHA Artículos de Revista
945 ## - INFORMACIÓN LOCAL DEL REGISTRO
Catalogador Catherine Arias Álvarez - Practicante SENA

No hay ítems disponibles.

Biblioteca FUSBC | Teléfono: (57+4) 349 88 10 Ext. 141| WhatsApp (+57) 3005338115 
E-mail: biblioteca@unisbc.edu.co | Calle 76 87-14 Robledo Palenque, Medellín, Colombia

Con tecnología Koha